000 01249nam a2200337 i 4500
003 EG-GICUC
005 20260121101437.0
008 251207s1960 ua ||||fr|||| 000 0 ara d
040 _a EG-GICUC
_bara
_c EG-GICUC
_d EG-GICUC
_erda
041 _aara
082 0 4 _221
_a343.5
_bم ح . د
092 0 4 _221
099 _aLaw1 10 343.5 م ح . د 1960
100 0 _aمحمود نجيب حسني
_eمؤلف.
245 1 0 _aدروس في القانون الجنائي الدولي /
_cمحمود نجيب حسني.
264 1 _aالقاهرة :
_bدار النهضة العربية،
_c1960.
300 _a188 صفحة ؛
_c24 سم
336 _2rda content
_atext
337 _2rda media
_aComputer
338 _2rda carrier
_aOnline Resource
546 _aالنص باللغة العربية
650 1 4 _aالقانون الجنائي الدولي
_2qrmak
650 1 4 _a أسباب الإباحة
_2qrmak
650 1 4 _aأركان الجريمة
_2qrmak
650 1 4 _aطبيعة الجريمة الدولية
650 1 4 _aالمسئولية الجنائية من الجريمة الدولية
651 1 _2qrmak
856 4 0 _uhttps://fll.law.cu.edu.eg/fulltext/bks/B10-06673.pdf
905 _a79
_eHassnaa
942 _2ddc
_cBK
_e21
_n0
999 _c48812
_d48812